| 000 | 01739cam a2200361 a 4500 | ||
|---|---|---|---|
| 999 |
_c1359 _d1359 |
||
| 001 | .b24979570 | ||
| 003 | OSt | ||
| 005 | 20221228160059.0 | ||
| 008 | 170703t20182018nyua j b 000 0beng d | ||
| 020 | _a9780062447616 : | ||
| 040 |
_aYDX _beng _erda _cYDX _dBTCTA _dBDX _dCHILD _dFM0 _dILC _dLNC _dNYP _dIGA _dCLE _dZAC _dEHH _dOCLCF _dORK _dD9M _dOCLCQ _dOCLCO _dYBM _dPRSPR _dOCLCA _dIAI _dFCU _dKH8 |
||
| 041 | 0 | _aeng | |
| 042 | _anbic | ||
| 044 |
_axxu _bnyu |
||
| 082 | 0 |
_a746.92092 MAC _bS329 |
|
| 090 | _ad/grace/20210707 | ||
| 100 | 1 |
_aMaclear, Kyo. _eauthor |
|
| 245 | 1 | 0 |
_aBloom : _ba story of fashion designer Elsa Schiaparelli / _cwords by Kyo Maclear ; pictures by Julie Morstad. |
| 246 | 3 | 0 | _aStory of fashion designer Elsa Schiaparelli. |
| 250 | _a1st ed. | ||
| 260 | 1 |
_aNew York, NY : _bHarper, an imprint of HarperCollinsPublishers, _c[2018] |
|
| 300 |
_a1 v. (unpaged) : _bcol. ill. ; _c; _c30 cm. |
||
| 504 | _aIncludes bibliographical references. | ||
| 520 | _aBy the 1930s Elsa Schiaparelli had captivated the fashion world in Paris, but before that, she was a little girl in Rome who didn't feel pretty at all. Bloom: a story of fashion designer Elsa Schiaparelli is the enchanting story for young readers of how a young girl used her imagination and emerged from plain to extraordinary. | ||
| 600 | 1 | 0 |
_aSchiaparelli, Elsa, _d1890-1973 _vJuvenile literature. |
| 650 | 0 |
_aFashion designers _zItaly _vBiography _vJuvenile literature. |
|
| 650 | 0 |
_aWomen fashion designers _vBiography _vJuvenile literature. |
|
| 650 | 0 |
_aCostume design _xHistory _y20th century _vJuvenile literature. |
|
| 650 | 0 |
_aFashion designers _vJuvenile literature. |
|
| 650 | 0 | _aPicture books. | |
| 700 | 1 |
_aMorstad, Julie. _eillustrator |
|
| 942 |
_2ddc _cNFIC |
||